| 000 | 01191nam a2200349 i 4500 | ||
|---|---|---|---|
| 999 |
_c7879 _d7879 |
||
| 001 | 991060536938706706 | ||
| 003 | OSt | ||
| 005 | 20240306135309.0 | ||
| 008 | 220426e202112 spc|||| |||| 0|0 0 spa| | ||
| 015 |
_aLL2022 _2bnc |
||
| 017 |
_aDL B 19594-2021 _bBiblioteca de Catalunya |
||
| 020 | _a9788418870460 | ||
| 040 |
_aES-BaBC _bcat _erda _cCDMR |
||
| 043 | _an-us--- | ||
| 080 |
_a32Trump, Donald _22004 |
||
| 080 |
_a32Biden, Joseph R., Jr. _22004 |
||
| 080 |
_a324:342.511.1 _x"2020" _22004 |
||
| 080 |
_a32 _x(73) _x"2017/2021" _22004 |
||
| 100 | 1 |
_aWoodward, Bob _92998 |
|
| 245 | 1 | 0 |
_aPeligro / _cBob Woodward y Robert Costa ; traducción de Ana Herrera, Elia Maqueda y Jorge Rizzo |
| 264 | 1 |
_aBarcelona : _bRoca Editorial, _c2021 |
|
| 300 |
_a479 pàgines, 16 pàgines sense numerar : _bil·lustracions ; _c23 cm |
||
| 504 | _aReferències bibliogràfiques | ||
| 600 | 1 | 7 |
_aTrump, Donald, _2lemac |
| 600 | 1 | 7 |
_aBiden, Joseph R., _cJr. _2lemac |
| 650 | 7 |
_aPresidents _zEstats Units d'Amèrica _xElecció _y2020. _2lemac |
|
| 651 | 7 |
_aEstats Units d'Amèrica _xPolítica i govern _y2017- _2lemac |
|
| 700 | 1 | _aCosta, Robert, | |
| 908 | _aBC | ||
| 940 | _aBC | ||
| 942 |
_2udc _cMON |
||